DEVIL S ALTERNATIVE (Record no. 28956)

MARC details
000 -LEADER
fixed length control field 00322nam a2200133Ia 4500
008 - FIXED-LENGTH DATA ELEMENTS--GENERAL INFORMATION
fixed length control field 240624s9999 xx 000 0 und d
041 ## - LANGUAGE CODE
Language code of text/sound track or separate title eng
082 ## - DEWEY DECIMAL CLASSIFICATION NUMBER
Classification number 823 FOR
100 ## - MAIN ENTRY--PERSONAL NAME
Personal name FORSYTH FREDERICK
245 ## - TITLE STATEMENT
Title DEVIL S ALTERNATIVE
260 ## - PUBLICATION, DISTRIBUTION, ETC.
Date of publication, distribution, etc. 2011
Place of publication, distribution, etc. New Delhi
Name of publisher, distributor, etc. Arrow Books
300 ## - PHYSICAL DESCRIPTION
Extent 478 , p. , 19 , cm.
365 ## - TRADE PRICE
Currency code RS
Holdings
Withdrawn status Lost status Damaged status Not for loan Home library Current library Shelving location Date acquired Cost, normal purchase price Total Checkouts Full call number Barcode Date last seen Date last checked out Price effective from Koha item type
        IMTN IMTN Rack 40-B 08/12/2017 399.00 1 823 FOR 28956 10/16/2025 10/09/2025 06/24/2024 Books
Designed & Maintained by: LRC IMT Nagpur Contact: lrc@imtnag.ac.in© 2024. All Rights Reserved.